000 00651nam a22002177a 4500
003 UA-OsUOA
001 76225
007 ta
008 20110621b un ||||| |||| 00| 0 ukr d
100 _aСовгиря О.В.
090 _a32
_bС56
942 _cSA
040 _aUA-OsUOA
_brus
_cUA-OsUOA
_dUA-OsUOA
245 _aКонституционно-правовой статус парламентского большинства (коалиции) и парламентской оппозиции в Украине
300 _aС.80-86
955 _a0
041 _arus
080 _a32
773 0 _w76223
650 7 _a32 Політика
_2UDC
999 _c362529
_d362529